[Event "Sherbrooke Perpetuelles 7-12"]
[Site "Sherbrooke CAN"]
[Date "2004.11.05"]
[Round "1"]
[White "Laferriere, Bruno"]
[Black "Germain, Benoit"]
[Result "0-1"]
[WhiteElo "1685"]
[BlackElo "1695"]
[PlyCount "48"]
[GameId "2160767911217485"]
[EventDate "2004.??.??"]
[EventType "swiss"]
[EventRounds "6"]
[EventCountry "CAN"]
[SourceTitle "EXT 2006"]
[Source "ChessBase"]
[SourceDate "2005.11.24"]
[SourceVersion "1"]
[SourceVersionDate "2005.11.24"]
[SourceQuality "1"]

1. e4 e5 2. Nf3 Nf6 3. Nc3 Bb4 4. Bc4 d6 5. O-O O-O 6. d3 Bg4 7. Bg5 c6 8. a4 Nbd7 9. Qe2 Qa5 10. Nd1 d5 11. Ba2 d4 12. h3 Bh5 13. g4 Nxg4 14. hxg4 Bxg4 15. Kh2 Kh8 16. Rg1 Bh5 17. Rg3 f5 18. Be6 fxe4 19. Qxe4 Nc5 20. Qh4 Nxe6 21. Qxh5 Nf4 22. Bxf4 exf4 23. Ng5 fxg3+ 24. fxg3 Qf5 0-1

[Event "Sherbrooke Perpetuelles 7-12"]
[Site "Sherbrooke CAN"]
[Date "2004.11.05"]
[Round "1"]
[White "Sheltus, Glenn"]
[Black "Echenberg, David"]
[Result "0-1"]
[WhiteElo "973"]
[BlackElo "945"]
[PlyCount "152"]
[GameId "2160767911217486"]
[EventDate "2004.??.??"]
[EventType "swiss"]
[EventRounds "6"]
[EventCountry "CAN"]
[SourceTitle "EXT 2006"]
[Source "ChessBase"]
[SourceDate "2005.11.24"]
[SourceVersion "1"]
[SourceVersionDate "2005.11.24"]
[SourceQuality "1"]

1. e4 e5 2. Nc3 Nf6 3. Qf3 c6 4. Bc4 b5 5. Qf5 d6 6. Qf3 bxc4 7. d3 d5 8. exd5 cxd5 9. dxc4 e4 10. Qf4 Bd6 11. Qe3 Bb7 12. Qd4 Na6 13. Nb5 Nb4 14. Qc3 O-O 15. a3 a6 16. axb4 axb5 17. c5 Rxa1 18. Ne2 Qc7 19. b3 Be5 20. Qe3 d4 21. Qd2 Rd8 22. O-O e3 23. fxe3 dxe3 24. Qxe3 Bd4 25. Nxd4 Ng4 26. Qf4 Qxf4 27. Bxf4 Rxf1+ 28. Kxf1 Rxd4 29. g3 Nxh2+ 30. Ke2 Rxb4 31. Bd6 h5 32. Kf2 g5 33. c6 Bxc6 34. Bxb4 Ng4+ 35. Kg1 h4 36. gxh4 gxh4 37. Bd6 h3 38. b4 Ne3 39. Kh2 Bd7 40. c3 Kg7 41. Be5+ Kg6 42. Bf4 Nd5 43. Be5 f5 44. Kxh3 f4+ 45. Kg2 Kf5 46. Bd4 Bc6 47. Kf2 Ke4 48. Bg7 Kd3 49. Be5 Ke4 50. Bg7 f3 51. Bd4 Nxb4 52. Bg7 Nd3+ 53. Kg3 Ke3 54. Bd4+ Ke2 55. Bg1 f2 56. Bxf2 Nxf2 57. Kf4 Ne4 58. Ke5 Nxc3 59. Kd6 b4 60. Kxc6 b3 61. Kc5 b2 62. Kc4 Nd1 63. Kd4 b1=Q 64. Ke5 Ke3 65. Kd5 Qf5+ 66. Kd6 Ke4 67. Ke7 Ke5 68. Kd8 Ke6 69. Kc7 Qc5+ 70. Kd8 Qe7+ 71. Kc8 Qd7+ 72. Kb8 Qa4 73. Kb7 Kd6 74. Kc8 Kc6 75. Kb8 Qa5 76. Kc8 Qc7# 0-1

[Event "Sherbrooke Perpetuelles 7-12"]
[Site "Sherbrooke CAN"]
[Date "2004.11.05"]
[Round "1"]
[White "Viens, Nicolas"]
[Black "Jolin, Fernand"]
[Result "0-1"]
[WhiteElo "1339"]
[BlackElo "1438"]
[PlyCount "112"]
[GameId "2160767911217487"]
[EventDate "2004.??.??"]
[EventType "swiss"]
[EventRounds "6"]
[EventCountry "CAN"]
[SourceTitle "EXT 2006"]
[Source "ChessBase"]
[SourceDate "2005.11.24"]
[SourceVersion "1"]
[SourceVersionDate "2005.11.24"]
[SourceQuality "1"]

1. e4 e5 2. Nf3 d6 3. Nc3 Bg4 4. h3 Bh5 5. g4 Bg6 6. Bc4 h6 7. d3 Nc6 8. Be3 Nge7 9. h4 Na5 10. h5 Bh7 11. g5 Nxc4 12. dxc4 Qd7 13. Rh4 a6 14. Qd2 Qe6 15. Nd5 O-O-O 16. O-O-O Nxd5 17. cxd5 Qd7 18. Rg1 Be7 19. Rhg4 hxg5 20. Bxg5 Bxg5 21. Nxg5 Rdg8 22. Qe3 Kb8 23. Qf3 f5 24. exf5 Bxf5 25. Rb4 e4 26. Nxe4 Rf8 27. Qe2 a5 28. Rb3 Bxe4 29. Qxe4 Rxh5 30. Qe2 Rxd5 31. Qa6 c6 32. c4 Rc5 33. Qb6 Rxc4+ 34. Kb1 Rb4 35. Rxb4 axb4 36. Qxb4 Rxf2 37. a3 Qf5+ 38. Ka1 Rf1+ 39. Rxf1 Qxf1+ 40. Ka2 Qf7+ 41. Ka1 c5 42. Qe4 g5 43. Qe3 g4 44. Qg3 Qe6 45. Kb1 Ka7 46. Kc2 d5 47. b3 Qe4+ 48. Kd2 d4 49. Qd6 Qe3+ 50. Kd1 Qxb3+ 51. Kd2 Qxa3 52. Kd1 g3 53. Ke2 g2 54. Kf2 Qa2+ 55. Kg1 Qc2 56. Qd5 d3 0-1

[Event "Sherbrooke Perpetuelles 7-12"]
[Site "Sherbrooke CAN"]
[Date "2004.11.12"]
[Round "2"]
[White "Belzil, Julien"]
[Black "Jolin, Fernand"]
[Result "0-1"]
[WhiteElo "1337"]
[BlackElo "1438"]
[PlyCount "79"]
[GameId "2160767911217488"]
[EventDate "2004.??.??"]
[EventType "swiss"]
[EventRounds "6"]
[EventCountry "CAN"]
[SourceTitle "EXT 2006"]
[Source "ChessBase"]
[SourceDate "2005.11.24"]
[SourceVersion "1"]
[SourceVersionDate "2005.11.24"]
[SourceQuality "1"]

1. c4 Nf6 2. Nc3 g6 3. e4 e5 4. d3 d6 5. h3 Bg7 6. Nf3 O-O 7. Be2 Nc6 8. O-O Nd4 9. Bg5 Nxf3+ 10. Bxf3 c6 11. Qd2 Be6 12. b3 Qd7 13. Kh2 h5 14. Rh1 Nh7 15. Bh6 f5 16. Rag1 f4 17. Bxg7 Kxg7 18. g4 Ng5 19. Qe2 h4 20. Qd1 a6 21. Na4 Qd8 22. c5 Rb8 23. cxd6 Qxd6 24. Qe2 b5 25. Nb2 Qd4 26. Rb1 a5 27. Rhc1 c5 28. Rc2 a4 29. Nd1 axb3 30. axb3 Rfd8 31. Rd2 c4 32. Bg2 cxd3 33. Qe1 f3 34. Bf1 Qxe4 35. Qxe4 Nxe4 36. Rxd3 Nc5 37. Rxf3 Nxb3 38. Rbxb3 Bxb3 39. Nc3 b4 40. Nb5 0-1

[Event "Sherbrooke Perpetuelles 7-12"]
[Site "Sherbrooke CAN"]
[Date "2004.11.12"]
[Round "2"]
[White "Galindo, Gabriel"]
[Black "Deslandes, Karel"]
[Result "1-0"]
[WhiteElo "1045"]
[BlackElo "1019"]
[PlyCount "38"]
[GameId "2160767911217489"]
[EventDate "2004.??.??"]
[EventType "swiss"]
[EventRounds "6"]
[EventCountry "CAN"]
[SourceTitle "EXT 2006"]
[Source "ChessBase"]
[SourceDate "2005.11.24"]
[SourceVersion "1"]
[SourceVersionDate "2005.11.24"]
[SourceQuality "1"]

1. e4 e5 2. Nf3 Nc6 3. Bc4 Nf6 4. Nc3 Bb4 5. O-O Bxc3 6. dxc3 Nxe4 7. Qd5 Nd6 8. Re1 O-O 9. Bb3 Re8 10. Bg5 Ne7 11. Qxe5 h6 12. Bxe7 Qxe7 13. Qxe7 Rxe7 14. Rxe7 b5 15. h3 Bb7 16. Rae1 Bc6 17. h4 a5 18. h5 a4 19. Bxf7+ Nxf7 1-0

[Event "Sherbrooke Perpetuelles 7-12"]
[Site "Sherbrooke CAN"]
[Date "2004.11.12"]
[Round "2"]
[White "Laferriere, Bruno"]
[Black "Ouellet-Lahaie, Didier"]
[Result "0-1"]
[WhiteElo "1685"]
[BlackElo "1670"]
[PlyCount "148"]
[GameId "2160767911217490"]
[EventDate "2004.??.??"]
[EventType "swiss"]
[EventRounds "6"]
[EventCountry "CAN"]
[SourceTitle "EXT 2006"]
[Source "ChessBase"]
[SourceDate "2005.11.24"]
[SourceVersion "1"]
[SourceVersionDate "2005.11.24"]
[SourceQuality "1"]

1. e4 e5 2. Nf3 Nc6 3. b3 Bc5 4. Nxe5 Qf6 5. Nd3 Qxa1 6. Bb2 Qxa2 7. Bxg7 Bd4 8. e5 d6 9. Bxh8 Be6 10. Nc3 Qa5 11. Ne4 Nxe5 12. Bxe5 dxe5 13. b4 Qd5 14. Qf3 O-O-O 15. Ng3 Qxf3 16. gxf3 Bd5 17. Bh3+ Kb8 18. Ne4 Bc4 19. Nc1 Bb2 20. Ne2 Ne7 21. d3 Bd5 22. Kd2 f5 23. Rb1 fxe4 24. fxe4 Bxe4 25. Rxb2 Bf5 26. Bxf5 Nxf5 27. Ng3 Nh4 28. Ke3 c6 29. Ke4 Ng6 30. Rb1 Kc7 31. Nf5 Kd7 32. Rg1 Ke6 33. Ng7+ Kf6 34. Nh5+ Kf7 35. c3 Ra8 36. Rg3 a5 37. Rf3+ Ke7 38. bxa5 Rxa5 39. Rf5 Ra4+ 40. Ke3 Rh4 41. f4 exf4+ 42. Nxf4 Rxh2 43. Nxg6+ hxg6 44. Rf1 Rh5 45. Rg1 Kf6 46. Rb1 Re5+ 47. Kd4 Rd5+ 48. Ke3 b5 49. c4 Re5+ 50. Kd2 g5 51. Kc3 Kf5 52. cxb5 Rxb5 53. Rf1+ Kg4 54. Kc4 Rf5 55. Rg1+ Kh3 56. Rh1+ Kg2 57. Rh5 Kg3 58. d4 Kf4 59. Rh6 g4 60. Rxc6 g3 61. Rg6 Rg5 62. Rf6+ Kg4 63. Rf1 g2 64. Rd1 Kf5 65. Rg1 Ke4 66. d5 Kf3 67. d6 Kf2 68. d7 Kxg1 69. d8=Q Rg4+ 70. Kb5 Kh2 71. Qh8+ Kg3 72. Qe5+ Rf4 73. Qe3+ Kg4 74. Qe6+ Rf5+ 0-1

[Event "Sherbrooke Perpetuelles 7-12"]
[Site "Sherbrooke CAN"]
[Date "2004.11.12"]
[Round "2"]
[White "Viens, Nicolas"]
[Black "Vincent, Pascal"]
[Result "1-0"]
[WhiteElo "1339"]
[BlackElo "1392"]
[PlyCount "105"]
[GameId "2160767911217491"]
[EventDate "2004.??.??"]
[EventType "swiss"]
[EventRounds "6"]
[EventCountry "CAN"]
[SourceTitle "EXT 2006"]
[Source "ChessBase"]
[SourceDate "2005.11.24"]
[SourceVersion "1"]
[SourceVersionDate "2005.11.24"]
[SourceQuality "1"]

1. e4 e5 2. Nf3 Nf6 3. Nxe5 d6 4. Nf3 Nxe4 5. d3 Nc5 6. Bg5 Be7 7. Bxe7 Qxe7+ 8. Be2 Nc6 9. O-O O-O 10. Nc3 Bg4 11. Nd5 Qd7 12. Re1 Rae8 13. Ne3 Ne5 14. Nxe5 Bxe2 15. Nxd7 Bxd1 16. Nxf8 Bh5 17. g4 Re5 18. gxh5 Rg5+ 19. Kh1 Kxf8 20. Ng2 Ne6 21. Re3 Rxh5 22. Rae1 g6 23. c3 Ng5 24. Rg3 Nh3 25. Re2 c5 26. f4 f5 27. Ne3 Nxf4 28. Rd2 b5 29. c4 b4 30. Ng2 Nh3 31. d4 Ng5 32. Nf4 Ne4 33. Nxh5 Nxd2 34. Nf6 cxd4 35. b3 f4 36. Rd3 Nb1 37. Rxd4 f3 38. Rf4 Nd2 39. Nxh7+ Kg7 40. Ng5 a5 41. Nxf3 Nxb3 42. axb3 a4 43. bxa4 b3 44. Nd2 b2 45. Kg2 g5 46. Rf2 Kg6 47. Nb1 g4 48. Rxb2 Kg5 49. Rf2 d5 50. cxd5 Kh4 51. Rf8 Kg5 52. Kg3 Kh5 53. Rg8 1-0

[Event "Sherbrooke Perpetuelles 7-12"]
[Site "Sherbrooke CAN"]
[Date "2004.11.19"]
[Round "3"]
[White "Belzil, Julien"]
[Black "Viens, Nicolas"]
[Result "1/2-1/2"]
[WhiteElo "1337"]
[BlackElo "1339"]
[PlyCount "128"]
[GameId "2160767911217492"]
[EventDate "2004.??.??"]
[EventType "swiss"]
[EventRounds "6"]
[EventCountry "CAN"]
[SourceTitle "EXT 2006"]
[Source "ChessBase"]
[SourceDate "2005.11.24"]
[SourceVersion "1"]
[SourceVersionDate "2005.11.24"]
[SourceQuality "1"]

1. c4 e5 2. e4 Nc6 3. Nf3 Nf6 4. Nc3 Bc5 5. h3 d6 6. d3 O-O 7. a3 a6 8. Bg5 Ne7 9. Bxf6 gxf6 10. Nh4 Ng6 11. Nf5 Bxf5 12. exf5 Ne7 13. Qg4+ Kh8 14. Ne4 Rg8 15. Qh5 Rg7 16. Nxf6 Ng8 17. Ne4 Bd4 18. Rb1 Nf6 19. Qf3 Nxe4 20. dxe4 c6 21. h4 Qa5+ 22. b4 Qb6 23. Bd3 Rag8 24. Rg1 Rg4 25. g3 Rxh4 26. Ke2 Rh2 27. Rg2 Rh3 28. f6 Rg5 29. Kd2 h5 30. Rgg1 Bxf2 31. c5 dxc5 32. Qxf2 Qd8 33. Kc2 h4 34. Rbd1 hxg3 35. Qf3 Qd4 36. Bf1 Rh2+ 37. Rg2 Rxg2+ 38. Qxg2 Qf2+ 39. Rd2 Qxg2 40. Rxg2 cxb4 41. axb4 Kh7 42. Rg1 Kg6 43. Kd2 Kxf6 44. Bg2 Rh5 45. Bf1 Rh4 46. Ke3 Rf4 47. Be2 Ke6 48. Rxg3 f5 49. exf5+ Kxf5 50. Bd3+ Kf6 51. Rh3 Rxb4 52. Rf3+ Ke7 53. Rh3 b5 54. Rh7+ Kd6 55. Rh6+ Kc7 56. Rh7+ Kb6 57. Rh5 a5 58. Rxe5 a4 59. Kd2 a3 60. Re1 Rb2+ 61. Kc3 c5 62. Ra1 b4+ 63. Kc4 Ka5 64. Kxc5 Ka4 1/2-1/2

[Event "Sherbrooke Perpetuelles 7-12"]
[Site "Sherbrooke CAN"]
[Date "2004.11.19"]
[Round "3"]
[White "Jolin, Fernand"]
[Black "Germain, Emile"]
[Result "1-0"]
[WhiteElo "1438"]
[BlackElo "1462"]
[PlyCount "67"]
[GameId "2160767911217494"]
[EventDate "2004.??.??"]
[EventType "swiss"]
[EventRounds "6"]
[EventCountry "CAN"]
[SourceTitle "EXT 2006"]
[Source "ChessBase"]
[SourceDate "2005.11.24"]
[SourceVersion "1"]
[SourceVersionDate "2005.11.24"]
[SourceQuality "1"]

1. Nf3 Nf6 2. g3 d5 3. d4 Nbd7 4. Bg2 c6 5. O-O h6 6. c3 Ng4 7. Nbd2 g5 8. e4 dxe4 9. Nxe4 Ngf6 10. Nxf6+ Nxf6 11. Ne5 Qc7 12. Qf3 Bd7 13. Nxd7 Qxd7 14. Re1 Bg7 15. b3 e6 16. Bb2 O-O-O 17. c4 Ne8 18. Rad1 Nd6 19. a4 Qc7 20. Ba3 Nf5 21. d5 Nd4 22. Qd3 Qb6 23. c5 Qc7 24. d6 Qa5 25. Bb2 e5 26. Bxd4 exd4 27. Qf5+ Rd7 28. Re7 Rhd8 29. Bh3 Kb8 30. Rxd7 Re8 31. Re7 Rd8 32. d7 Bf8 33. Re8 b6 34. Rxd8+ 1-0

[Event "Sherbrooke Perpetuelles 7-12"]
[Site "Sherbrooke CAN"]
[Date "2004.11.19"]
[Round "3"]
[White "Lopez, Jose"]
[Black "Mercier, Andre"]
[Result "0-1"]
[WhiteElo "1794"]
[BlackElo "1780"]
[PlyCount "59"]
[GameId "2160767911217495"]
[EventDate "2004.??.??"]
[EventType "swiss"]
[EventRounds "6"]
[EventCountry "CAN"]
[SourceTitle "EXT 2006"]
[Source "ChessBase"]
[SourceDate "2005.11.24"]
[SourceVersion "1"]
[SourceVersionDate "2005.11.24"]
[SourceQuality "1"]

1. e4 e5 2. d4 exd4 3. Qxd4 d6 4. Nc3 Nc6 5. Bb5 a6 6. Bxc6+ bxc6 7. Nf3 c5 8. Qd3 g6 9. O-O Bg7 10. Ng5 h6 11. Qd5 hxg5 12. Qxa8 Be5 13. f4 Bd4+ 14. Kh1 g4 15. g3 Nf6 16. Re1 Kd7 17. Re2 Nh5 18. Be3 Nxg3+ 19. Kg2 Nxe2 20. Bxd4 Nxd4 21. Qd5 Ke8 22. Rh1 Be6 23. Qb7 Qc8 24. Qxc8+ Bxc8 25. Nd5 Nxc2 26. Nxc7+ Kd7 27. Nd5 Bb7 28. Nc3 Ne3+ 29. Kg3 Rh3+ 30. Kf2 0-1

[Event "Sherbrooke Perpetuelles 7-12"]
[Site "Sherbrooke CAN"]
[Date "2004.11.19"]
[Round "3"]
[White "Ouellet-Lahaie, Didier"]
[Black "Germain, Benoit"]
[Result "0-1"]
[WhiteElo "1670"]
[BlackElo "1695"]
[PlyCount "34"]
[GameId "2160767911217496"]
[EventDate "2004.??.??"]
[EventType "swiss"]
[EventRounds "6"]
[EventCountry "CAN"]
[SourceTitle "EXT 2006"]
[Source "ChessBase"]
[SourceDate "2005.11.24"]
[SourceVersion "1"]
[SourceVersionDate "2005.11.24"]
[SourceQuality "1"]

1. e4 e5 2. Nf3 Nc6 3. Bb5 Nf6 4. O-O d6 5. d4 exd4 6. Nxd4 Bd7 7. c3 Be7 8. Re1 O-O 9. Nd2 Re8 10. Nxc6 bxc6 11. Bd3 Bf8 12. Nf1 d5 13. e5 Ng4 14. Ng3 Qh4 15. h3 Nxe5 16. Bc2 Bc5 17. b3 Qxg3 0-1

[Event "Sherbrooke Perpetuelles 7-12"]
[Site "Sherbrooke CAN"]
[Date "2004.12.03"]
[Round "4"]
[White "Benoit, Andre"]
[Black "Jolin, Fernand"]
[Result "0-1"]
[WhiteElo "1413"]
[BlackElo "1438"]
[PlyCount "58"]
[GameId "2160767911217499"]
[EventDate "2004.??.??"]
[EventType "swiss"]
[EventRounds "6"]
[EventCountry "CAN"]
[SourceTitle "EXT 2006"]
[Source "ChessBase"]
[SourceDate "2005.11.24"]
[SourceVersion "1"]
[SourceVersionDate "2005.11.24"]
[SourceQuality "1"]

1. e4 Nc6 2. f4 g6 3. d4 e6 4. Nf3 Bg7 5. Nc3 Nge7 6. Bb5 a6 7. Bxc6 Nxc6 8. O-O O-O 9. Ne5 Nxe5 10. fxe5 d6 11. Bf4 dxe5 12. dxe5 c6 13. Qf3 Qb6+ 14. Rf2 Qxb2 15. Rb1 Qa3 16. Rb3 Qa5 17. Bg5 Qc7 18. Bf6 Bxf6 19. exf6 e5 20. Qg3 Be6 21. Qg5 Kh8 22. Qh6 Rg8 23. Rf3 g5 24. Rh3 Bxh3 25. Nd5 Qa5 26. Nb4 Qc5+ 27. Kh1 Qf2 28. Qxh7+ Kxh7 29. Rxh3+ Kg6 0-1

[Event "Sherbrooke Perpetuelles 7-12"]
[Site "Sherbrooke CAN"]
[Date "2004.12.03"]
[Round "4"]
[White "Germain, Benoit"]
[Black "Saziouk, Alexandre"]
[Result "1-0"]
[WhiteElo "1695"]
[BlackElo "1739"]
[PlyCount "83"]
[GameId "2160767911217500"]
[EventDate "2004.??.??"]
[EventType "swiss"]
[EventRounds "6"]
[EventCountry "CAN"]
[SourceTitle "EXT 2006"]
[Source "ChessBase"]
[SourceDate "2005.11.24"]
[SourceVersion "1"]
[SourceVersionDate "2005.11.24"]
[SourceQuality "1"]

1. d4 Nf6 2. c4 e5 3. dxe5 Ng4 4. Nf3 Nc6 5. Bf4 Bb4+ 6. Nbd2 Qe7 7. e3 Ngxe5 8. Be2 Nxf3+ 9. Bxf3 O-O 10. O-O Ne5 11. Nb3 Bd6 12. Rc1 Nxf3+ 13. Qxf3 Bxf4 14. Qxf4 d6 15. Nd4 Bd7 16. Rfd1 b6 17. h4 f5 18. Ne2 Qf6 19. Nc3 Bc6 20. Nd5 Qf7 21. Qg5 Rae8 22. Qg3 Kh8 23. Rd4 Re6 24. Nf4 Re4 25. b4 Rfe8 26. a3 Ba8 27. Nh3 h6 28. Nf4 Qf6 29. Rxe4 Bxe4 30. Qg6 Qxg6 31. Nxg6+ Kg8 32. f3 Ba8 33. Kf2 Kf7 34. Nf4 Re7 35. Ne2 g5 36. hxg5 hxg5 37. Rh1 Kg7 38. Nd4 Rf7 39. Ne6+ Kg6 40. Rh8 Kf6 41. Nxg5 Kxg5 42. Rxa8 1-0

[Event "Sherbrooke Perpetuelles 7-12"]
[Site "Sherbrooke CAN"]
[Date "2004.12.03"]
[Round "4"]
[White "Laferriere, Bruno"]
[Black "Lopez, Jose"]
[Result "1-0"]
[WhiteElo "1685"]
[BlackElo "1794"]
[PlyCount "57"]
[GameId "2160767911217501"]
[EventDate "2004.??.??"]
[EventType "swiss"]
[EventRounds "6"]
[EventCountry "CAN"]
[SourceTitle "EXT 2006"]
[Source "ChessBase"]
[SourceDate "2005.11.24"]
[SourceVersion "1"]
[SourceVersionDate "2005.11.24"]
[SourceQuality "1"]

1. e4 c5 2. f4 Nc6 3. Nf3 e6 4. Bb5 Nf6 5. Nc3 Nd4 6. d3 Qa5 7. Bc4 b5 8. Bb3 Bb7 9. O-O Rc8 10. Nxd4 cxd4 11. Ne2 Qb6 12. Kh1 h5 13. f5 Bd6 14. Qe1 Ng4 15. Nf4 Bxf4 16. Bxf4 a5 17. a3 a4 18. fxe6 dxe6 19. Ba2 O-O 20. Rc1 e5 21. Bd2 Nh6 22. Qg3 Ng4 23. Bb4 Ne3 24. Bxf8 Rxf8 25. Rf3 Qh6 26. Kg1 h4 27. Qxe5 Bc6 28. Qe7 Nd5 29. exd5 1-0

[Event "Sherbrooke Perpetuelles 7-12"]
[Site "Sherbrooke CAN"]
[Date "2004.12.03"]
[Round "4"]
[White "Viens, Nicolas"]
[Black "Galindo, Gabriel"]
[Result "0-1"]
[WhiteElo "1339"]
[BlackElo "1045"]
[PlyCount "65"]
[GameId "2160767911217503"]
[EventDate "2004.??.??"]
[EventType "swiss"]
[EventRounds "6"]
[EventCountry "CAN"]
[SourceTitle "EXT 2006"]
[Source "ChessBase"]
[SourceDate "2005.11.24"]
[SourceVersion "1"]
[SourceVersionDate "2005.11.24"]
[SourceQuality "1"]

1. d4 d5 2. Nf3 Nf6 3. Nc3 a6 4. g3 Bf5 5. Bg2 Be4 6. O-O h6 7. Nxe4 dxe4 8. Ne5 c6 9. f3 exf3 10. Bxf3 e6 11. e3 h5 12. e4 Nbd7 13. Bg5 Be7 14. Nxd7 Nxd7 15. Bxe7 Qxe7 16. Bxh5 O-O-O 17. Qe2 Nf6 18. Bf3 Rxd4 19. Qe3 e5 20. c3 Rd7 21. Qa7 Kc7 22. Be2 Rd2 23. Bxa6 Rhxh2 24. Qxb7+ Kd6 25. Rad1 Rhg2+ 26. Kh1 Qxb7 27. Bxb7 Nxe4 28. Rxd2+ Rxd2 29. Rxf7 Rxb2 30. Rxg7 Rxa2 31. Rg6+ Kc7 32. Bxc6 Nxc3 33. Rg4 0-1

[Event "Sherbrooke Perpetuelles 7-12"]
[Site "Sherbrooke CAN"]
[Date "2004.12.10"]
[Round "5"]
[White "Corey, Devin"]
[Black "Viens, Nicolas"]
[Result "0-1"]
[WhiteElo "1211"]
[BlackElo "1339"]
[PlyCount "62"]
[GameId "2160767911217505"]
[EventDate "2004.??.??"]
[EventType "swiss"]
[EventRounds "6"]
[EventCountry "CAN"]
[SourceTitle "EXT 2006"]
[Source "ChessBase"]
[SourceDate "2005.11.24"]
[SourceVersion "1"]
[SourceVersionDate "2005.11.24"]
[SourceQuality "1"]

1. d4 d5 2. Bf4 Nf6 3. e3 e6 4. Bd3 Nc6 5. a3 Bd6 6. Nh3 Bd7 7. Bxd6 cxd6 8. b4 Ne4 9. f3 Qh4+ 10. Ke2 Nf6 11. c3 e5 12. Nf2 e4 13. Bb5 O-O 14. g3 Qh5 15. g4 exf3+ 16. Kf1 Nxg4 17. Nxg4 Bxg4 18. Ra2 Qh4 19. Rf2 Rfe8 20. Qc1 Re7 21. Nd2 Bh3+ 22. Ke1 Rxe3+ 23. Be2 Rxe2+ 24. Kd1 Qxf2 25. Kc2 Nxd4+ 26. cxd4 Rc8+ 27. Kb1 Rxc1+ 28. Rxc1 Rxd2 29. Rc7 Rb2+ 30. Ka1 Ra2+ 31. Kb1 Qb2# 0-1

[Event "Sherbrooke Perpetuelles 7-12"]
[Site "Sherbrooke CAN"]
[Date "2004.12.10"]
[Round "5"]
[White "Galindo, Gabriel"]
[Black "Belzil, Julien"]
[Result "1-0"]
[WhiteElo "1045"]
[BlackElo "1337"]
[PlyCount "60"]
[GameId "2160767911217506"]
[EventDate "2004.??.??"]
[EventType "swiss"]
[EventRounds "6"]
[EventCountry "CAN"]
[SourceTitle "EXT 2006"]
[Source "ChessBase"]
[SourceDate "2005.11.24"]
[SourceVersion "1"]
[SourceVersionDate "2005.11.24"]
[SourceQuality "1"]

1. e4 c6 2. d4 d5 3. e5 e6 4. Nf3 c5 5. c3 Nc6 6. Nbd2 c4 7. b3 Qa5 8. Qc2 b5 9. bxc4 bxc4 10. h4 Nge7 11. g4 Bd7 12. Be2 h6 13. Kf1 a6 14. Kg2 O-O-O 15. Bb2 Na7 16. Rab1 Ba4 17. Qc1 Ng6 18. Nb3 Qb6 19. h5 Ne7 20. Nc5 Bb5 21. Ba3 f6 22. Qf4 Nec6 23. exf6 Bd6 24. Qe3 gxf6 25. Qxe6+ Kc7 26. Qxf6 Rhg8 27. Ne6+ Kc8 28. Bxd6 Rxg4+ 29. Kf1 Rd7 30. a4 Ne7 1-0

[Event "Sherbrooke Perpetuelles 7-12"]
[Site "Sherbrooke CAN"]
[Date "2004.12.10"]
[Round "5"]
[White "Jolin, Fernand"]
[Black "Ouellet-Lahaie, Didier"]
[Result "0-1"]
[WhiteElo "1438"]
[BlackElo "1670"]
[PlyCount "58"]
[GameId "2160767911217507"]
[EventDate "2004.??.??"]
[EventType "swiss"]
[EventRounds "6"]
[EventCountry "CAN"]
[SourceTitle "EXT 2006"]
[Source "ChessBase"]
[SourceDate "2005.11.24"]
[SourceVersion "1"]
[SourceVersionDate "2005.11.24"]
[SourceQuality "1"]

1. Nf3 Nf6 2. d4 e6 3. g3 b5 4. Bg2 Bb7 5. O-O Be7 6. Bg5 O-O 7. Bxf6 Bxf6 8. c3 d6 9. Nbd2 c5 10. dxc5 dxc5 11. Nb3 Qc7 12. e3 Nd7 13. a3 e5 14. a4 a6 15. a5 Rad8 16. Nbd2 c4 17. Ne1 e4 18. Nxe4 Bxe4 19. Bxe4 Nc5 20. Qc2 h6 21. Ng2 Nb3 22. Ra2 Rd2 23. Qb1 Rfd8 24. Bc2 Nxa5 25. Nf4 R8d6 26. e4 Nb7 27. Nd5 Qc5 28. Nxf6+ Rxf6 29. b4 Rfxf2 0-1

[Event "Sherbrooke Perpetuelles 7-12"]
[Site "Sherbrooke CAN"]
[Date "2004.12.10"]
[Round "5"]
[White "Lopez, Jose"]
[Black "Saziouk, Alexandre"]
[Result "1/2-1/2"]
[WhiteElo "1794"]
[BlackElo "1739"]
[PlyCount "73"]
[GameId "2160767911217508"]
[EventDate "2004.??.??"]
[EventType "swiss"]
[EventRounds "6"]
[EventCountry "CAN"]
[SourceTitle "EXT 2006"]
[Source "ChessBase"]
[SourceDate "2005.11.24"]
[SourceVersion "1"]
[SourceVersionDate "2005.11.24"]
[SourceQuality "1"]

1. e4 c5 2. Nf3 d6 3. d4 cxd4 4. Nxd4 Nc6 5. c4 g6 6. Nc3 Bg7 7. Be3 Nf6 8. Be2 O-O 9. O-O Bd7 10. Rc1 a6 11. Qd2 Rc8 12. f3 Nxd4 13. Bxd4 Qa5 14. Be3 Rfe8 15. Rfd1 Bc6 16. Qe1 Nd7 17. Qf2 b5 18. cxb5 axb5 19. a3 b4 20. axb4 Qxb4 21. Rb1 Nc5 22. Bf1 Nb3 23. Kh1 e6 24. Rd3 Red8 25. Rbd1 Qb8 26. Ba7 Qb4 27. Be3 Bb7 28. Bb6 Rd7 29. Na2 Qa4 30. Nc3 Bxc3 31. bxc3 Ba6 32. Rxd6 Rxd6 33. Rxd6 Qa1 34. Kg1 Bxf1 35. Qxf1 Qxc3 36. Qd1 Kg7 37. Bd4+ 1/2-1/2

[Event "Sherbrooke Perpetuelles 7-12"]
[Site "Sherbrooke CAN"]
[Date "2004.12.10"]
[Round "5"]
[White "Mercier, Andre"]
[Black "Germain, Benoit"]
[Result "0-1"]
[WhiteElo "1780"]
[BlackElo "1695"]
[PlyCount "99"]
[GameId "2160767911217509"]
[EventDate "2004.??.??"]
[EventType "swiss"]
[EventRounds "6"]
[EventCountry "CAN"]
[SourceTitle "EXT 2006"]
[Source "ChessBase"]
[SourceDate "2005.11.24"]
[SourceVersion "1"]
[SourceVersionDate "2005.11.24"]
[SourceQuality "1"]

1. d4 d5 2. Nf3 Nf6 3. c4 c6 4. cxd5 cxd5 5. Nc3 Nc6 6. Bg5 e6 7. e3 Be7 8. Rc1 O-O 9. Bd3 Bd7 10. Bb1 h6 11. Bh4 a6 12. O-O b5 13. Ne5 Nxe5 14. dxe5 Nh7 15. Qd3 g6 16. Bxe7 Qxe7 17. Ne2 Rfc8 18. Nf4 Qg5 19. b4 Qxe5 20. Nxg6 fxg6 21. Qxg6+ Qg7 22. Qh5 Nf6 23. Qe2 e5 24. f4 e4 25. a3 Kh8 26. Ba2 Bh3 27. Kh1 Bg4 28. Qd2 Qd7 29. h3 Bxh3 30. gxh3 Qxh3+ 31. Qh2 Qxh2+ 32. Kxh2 Ng4+ 33. Kg3 Nxe3 34. Rh1 Kg7 35. Kf2 Rxc1 36. Rxc1 d4 37. Rc7+ Kg6 38. Bb1 Rd8 39. Rc6+ Kf5 40. Rxa6 Nd1+ 41. Ke1 Nc3 42. Bc2 d3 43. Bb3 Kxf4 44. Rxh6 Ke3 45. Rh3+ Kd4 46. a4 bxa4 47. Bf7 a3 48. b5 a2 49. Bxa2 Nxa2 50. Rh7 0-1